000 00848cam a2200241 4500
001 WB3639-19
008 000000n2000 000 0 eng u
035 _a(Sirsi) u108630
245 _aRent reform preferred model
260 _c2000
490 _aHousing Today
_v(203), 28 September 2000, 2(1)
520 _aSuggests government is looking closely at alternative plans for rent reform. The Housing Minister has indicated that the National Housing Federation's advocacy of an 80:20% weighting between property values and earnings is being seriously considered.
590 _aWB
650 _aRENT REFORM
650 _aNATIONAL HOUSING FEDERATION
650 _aHOUSING GREEN PAPER
650 _aPROPERTY VALUES
650 _aEARNINGS
650 _aSOCIAL LANDLORDS
650 _aCOUNCIL HOUSING
690 _aHOUSING
942 _n0
999 _c64855
_d64855